1484 1660 1310 1766 1632 1650 1714 1265 1225 1734 1524 1692 1371 1603 1950 1290 1694 1453 1356 1741 1950 1200 1315 1047 1041 1323 1311 1417 1552 1138 1366 1935 1378 1062 1607 1723 1193 1219 1389 1049 1046 1995 1388 1040 1433 1442 1607 1858 1765 1720 1724 1927 1365 1426 1413 1184 1849 1818 1591 1175 1036 1823 1994 1628 1601 1129 1790 1241 1202 1910 1142 1074 1272 1226 1750 1888 1019 1429 1390 1772 1405 1314 1957 1350 1222 1774 1354 1355 1741 1490 1985 1277 1087 1017 1763 1468 1690 1362 1338 BCNSPRNW ULIB Ver.6.0+V

เปลี่ยนเป็นภาษาไทย

Change to English
 แสดงรายละเอียดบรรณานุกรม
  กลับหน้าหลัก

Brief Record : Get Marc (ISO 2709) : E-mail record : QR code < ปิดหน้าต่าง
LEADER : 00000nam a2200000 a 4500
001    13399114134
003     ULIB
008    110302s2554 th a 000 0 tha d
020    ^a9789746521994
060 04 ^aWS100^bศ721ก
245 00 ^aกุมารเวชศาสตร์ทันยุค /^cบรรณาธิการ, ศุกระวรรณ อินทรขาว ...
250    ^aพิมพ์ครั้งที่ 1
260    ^aกรุงเทพฯ :^bสาขากุมารเวชศาสตร์ คณะแพทยศาสตร์^c2554
300    ^aviii, 348 หน้า :^bภาพประกอบ ;^c26 ซม.
650  4 ^aกุมารเวชศาสตร์
700 0  ^aศุกระวรรณ อินทรขาว,^eบรรณาธิการ
710 2  ^aมหาวิทยาลัยธรรมศาสตร์. ^bคณะแพทยศาสตร์.
945    ^p450^l0^i031036
945    ^p450^l0^i031037
995    ^aเกษร
999 ^a ทศพร
รายการนี้ยังไม่มีแท็ก
คุณยังไม่ได้ล็อกอิน คุณสามารถมีกิจกรรมร่วมกับเว็บไซต์ได้ แต่ต้องล็อกอินก่อน ::
  ล็อกอิน

รายการสื่อสารสนเทศ

ลำดับที่ ประเภท เลขเรียก/บาร์โค้ด สถานที่ สถานะ
1. วิทยาศาสตร์การแพทย์ และสุขภาพ
หนังสือสำรอง
สถานะ=หนังสือสำรอง
WS100 ศ721ก ฉ.1 
  Barcode: 031036
ห้องสมุดวิทยาเขตสวรรค์ประชารักษ์
►ส่วนจัดเก็บหนังสือเก่า สปร
บนชั้น
  ขอยืม
2. วิทยาศาสตร์การแพทย์ และสุขภาพ
วิทยาศาสตร์การแพทย์ และสุขภาพ
WS100 ศ721ก ฉ.2 
  Barcode: 031037
ห้องสมุดวิทยาเขตสวรรค์ประชารักษ์
►ส่วนจัดเก็บหนังสือเก่า สปร
บนชั้น
  ขอยืม

รายการใกล้เคียง
    หัวเรื่อง [กุมารเวชศาสตร์]

BibComment


ยังไม่เคยถูกคอมเมนท์

คอมเมนท์ทรัพยากรรายการนี้
  คอมเมนท์: กุมารเวชศาสตร์ทั..


 Copyright 2026. Bcnsprnw @Library